Los libros tienen la palabra, 9 : (Record no. 52400)
[ view plain ]
| 000 -CABECERA | |
|---|---|
| campo de control de longitud fija | 01013nam a2200217 a 4500 |
| 005 - FECHA Y HORA DE LA ÚLTIMA TRANSACCIÓN | |
| campo de control | 20240806063901.0 |
| 008 - ELEMENTOS DE LONGITUD FIJA--INFORMACIÓN GENERAL | |
| campo de control de longitud fija | 991125n198 [me 000 0 spa u |
| 035 ## - NÚMERO DE CONTROL DEL SISTEMA | |
| Número de control de sistema | UPN01000052400 |
| 049 ## - COLECCIÓN | |
| Colección | AV |
| 099 ## - CLASIFICACIÓN LOCAL | |
| Clasificación local | PVI P 0509 |
| 245 04 - MENCIÓN DE TÍTULO | |
| Título | Los libros tienen la palabra, 9 : |
| Resto del título | Rodolfo Usigli. |
| 260 ## - PUBLICACIÓN, DISTRIBUCIÓN, ETC. | |
| Lugar de publicación, distribución, etc. | [México] : |
| Nombre del editor, distribuidor, etc. | UTEC, |
| Fecha de publicación, distribución, etc. | [198-] |
| 300 ## - DESCRIPCIÓN FÍSICA | |
| Extensión | 1 videocasete (VHS) (30 min.) : |
| Otras características físicas | son., col. |
| 520 ## - NOTA DE RESUMEN, ETC. | |
| Sumario, etc. | Usigli fue un enamorado del teatro, para él el teatro era el mundo y el mundo era el teatro; estaba convencido de que un pueblo sin teatro es un pueblo sin verdad; trabajó durante 50 años por hacer un teatro mexicano; fue el dramaturgo de la revolución y de tiempos posteriores. Se presenta un fragmento de su obra "El gesticulador" |
| 500 ## - NOTA GENERAL | |
| Nota general | Incluye algunas escenas en blanco y negro |
| 501 ## - NOTA DE "CON" | |
| Nota de “Con” | Con: Emilio Rabasa -- José Vasconcelos -- Julio Torri |
| 600 14 - ASIENTO SECUNDARIO DE MATERIA - NOMBRE PERSONAL | |
| Nombre de persona | USIGLI, RODOLFO, |
| Fechas asociadas al nombre | 1905-1979 |
| 650 #4 - ASIENTO SECUNDARIO DE MATERIA - TERMINO TEMATICO | |
| Término de materia o nombre geográfico como elemento de entrada | Literatura mexicana |
| 9 (RLIN) | 4466 |
| 740 0# - ASIENTO SECUNDARIO - TÍTULOS RELACIONADOS /ANALITICOS NO CONTROLADOS | |
| Título relacionado o analítico no controlado | Rodolfo Usigli |
| 905 ## - TIPO DE MATERIAL | |
| Tipo de material | Audiovisuales |
| Estado de retiro | Estado de pérdida | Fuente del sistema de clasificación o colocación | Estado dañado | No para préstamo | Código de colección | Localización permanente | Ubicación/localización actual | Ubicación en estantería | Total de préstamos | Clasificación | Código de barras | Fecha visto por última vez | Número de copia | Tipo de ítem Koha |
|---|---|---|---|---|---|---|---|---|---|---|---|---|---|---|
| Library of Congress Classification | Audiovisuales | Bib. Gregorio Torres Quintero | Bib. Gregorio Torres Quintero | Audiovisual | AV PVI P 0509 | 0509CPVI | 31/12/2020 | 1 | Videocasete |
